00601pam a2200205 a 4500001000800000005001700008008004100025020001500066020001800081050002100099082001200120100002200132245006300154250001200217260003700229300004100266650003000307650003300337700002500370296001220250829122722.0910501s1992 nyua b 001 0 eng  a0070485577 a978007048557000aBF713b.P35 199200a1552201 aPapalia, Diane E.10aHuman development /cDiane E. Papalia, Sally Wendkos Olds. a5th ed. aNew York :bMcGraw-Hill,cc1992. axviii, 632 p. :bcol. ill. ;c26 cm. 0aDevelopmental psychology. 0aDevelopmental psychobiology.1 aOlds, Sally Wendkos.